| 000 | 00961nam a22002537a 4500 | ||
|---|---|---|---|
| 005 | 20170124103033.0 | ||
| 010 | _aA-591150 | ||
| 020 |
_c40.00 _a8170281253 |
||
| 035 | _aA-591150 | ||
| 037 | _bCen Lib/Ret | ||
| 040 |
_aDPL _bHN |
||
| 082 |
_aक _bजियाला |
||
| 100 |
_aजियालाल आर्य _964517 |
||
| 245 |
_aसत्य का सफरनामा / _cजियालाल आर्य |
||
| 246 |
_aSatya ka safarnama / _bby Jiyalal Arya |
||
| 260 |
_a दिल्ली _bराजपाल एंड संस _c1992 |
||
| 270 |
_b दिल्ली _aकश्मीरी गेट _e110006 |
||
| 300 |
_a87पृ. _c16सेमी (सजिल्द) |
||
| 650 |
_aहिंदी साहित्य _964518 |
||
| 650 |
_aहिंदी कहानियां _92082 |
||
| 650 |
_aHindi literature _964519 |
||
| 650 |
_aHindi stories _964520 |
||
| 942 |
_2ddc _cHN _hक _mजियाला |
||
| 999 |
_c116041 _d116041 |
||